Pokémon-Le nombre de... - Statistiques

Statistiques générales
  • Ce quiz a été pris 121 fois
  • Le résultat moyen est 23 sur 30
Statistiques - réponses
Le nombre... Réponse % Correct
...de bras de Mackogneur? 4
100%
...de Starters par région? 3
91%
...de types dans Pokémon? 18
89%
...de Rivaux dans Pokémon X & Y? 4
89%
...de Pokémon maximum par équipe? 6
89%
...de générations (2024) 9
89%
...de Stats? 6
88%
...de Badges qu'il faut pour pouvoir accéder àla Ligue Pokémon? 8
88%
...de Champions d'Arène qu'il est possible d'affronter dans Heartgold et Soulsilver? 16
87%
...de formes de Zarbi? 28
87%
...de Pokémon dans la 1ère génération? 151
86%
...de Team (jusqu'à 2024)? 9
86%
...de Regi? 6
85%
...d'évolutions de Evoli? 8
85%
...de Pierres d'Evolution? 10
82%
...de Pikachu cosplayeurs? 5
79%
..d'Ultra-Chimères? 11
74%
...d'exemplaires limites de chaque objet? 999
74%
...de CS ayant existé? 11
69%
...de ponts d'Unys ? 5
69%
...de Pokémon Paradoxe? 22
65%
...de Balls Noigrumes? 7
65%
...de Pokémon (2024)? 1025
64%
...de bras que possède Arceus selon la légende? 1000
59%
...de Pokémon Fabuleux? 23
57%
...de Pokémon qui ont une forme Gigamax? 32
57%
...de Ball des jeux principaux (2024)? 35
57%
...d'esprits qui composent Spiritomb? 108
52%
...de Cristaux Z? 35
52%
...de Pokémon qui peuvent Méga-Evoluer? 46
51%
Aucun quiz correspondant
Distribution des résultats
% des personnes avec chaque résultat
Percentile par nombre de réponses
Votre historique - résultats
Vous n’avez pas pris ce quiz